[Event "World-ch30-KK1 Karpov-Kasparov +5-3=40"]
[Site "Moscow"]
[Date "1984.11.23"]
[Round "27"]
[White "Karpov, Anatoly"]
[Black "Kasparov, Garry"]
[Result "1-0"]
[WhiteElo "2705"]
[BlackElo "2715"]
[Annotator "Lutz,Christopher"]
[PlyCount "117"]
[EventDate "1984.09.10"]
[EventType "match"]
[EventRounds "48"]
[EventCountry "URS"]
[SourceTitle "100 Jahre Schach"]
[Source "ChessBase"]
[SourceDate "2000.04.19"]
[SourceVersion "1"]
[SourceVersionDate "2000.04.19"]
[SourceQuality "1"]

{Die fünf Weltmeisterschaftskämpfe zwischen Garry Kasparov und Anatoli Karpov in den Jahren 1984 bis 1990 zählen sicherlich zu den spannendsten Ereignissen in der Schachgeschichte. Der erste Wettkampf, der im September 1984 begann und erst im Februar des Folgejahres endete, wird dabei eine gesonderte Rolle einnehmen: Der junge Emporkömmling Kasparov traf auf den etablierten Weltmeister Karpov. Für Kasparov muss der Beginn dieses Wettkampfes eine herbe Enttäuschung gewesen sein: Bei dem auf sechs Gewinnpartien angelegten Kampf stand es nach 9 Partien bereits 4:0 für Karpov. Dann gab es viele Punkteteilungen, ehe Karpov die nachfolgende Partie gewann und so auf 5:0 erhöhte. Was danach geschah, ist Schachgeschichte. Karpov war von dem Gedanken besessen, Kasparov mit 6:0 zu schlagen und ihn vollständig zu vernichten. Daher vermied er übermäßiges Risiko und erlaubte so Kasparov, wieder ins Match zu kommen. Am Schluss hatte Kasparov den längeren Atem und konnte auf 3:5 verkürzen, ehe der Wettkampf unter skandalösen, nie geklärten Umständen abgebrochen wurde. Beim neu angesetzten, zweiten Wettkampf hatte Kasparov die Lehren aus der Beinahe-Niederlage gezogen und errang nach einem wiederum dramatischen Kampf den WM-Titel. Bei meinen Analysen stütze ich mich auf Anatoli Karpovs Kommentare in "Anatoli Karpov's Best Games".} 1. Nf3 d5 2. d4 Nf6 3. c4 e6 4. Nc3 Be7 {Zu Beginn des Wettkampfes wählte Kasparov die Tarrasch-Verteidigung, zum damaligen Zeitpunkt seine Lieblingswaffe gegen 1.d4. Als er jedoch zwei bittere Niederlagen einstecken mußte, griff er auf das klassische Damengambit zurück und konnte mehr Stabilität in sein Spiel bringen. Heute wählt Kasparov allerdings das klasssiche Damengambit nur noch selten und bevorzugt stattdessen die aggressivere Grünfeld-Verteidigung.} 5. Bg5 h6 6. Bxf6 Bxf6 7. e3 O-O 8. Qc2 ({Beim 3.Wettkampf 1986 zwischen Karpov und Kasparov war es Kasparov, der als Weißer die Variante} 8. Rc1 {auf höchstem Niveau einführte und einige wichtige Partien gewann.}) (8. Qb3 {ist eine andere wichtige Alternative. Wegen des Drucks gegen d5 muss Schwarz das befreiende ...c7-c5 erst einmal zurückstellen.}) 8... c5 9. dxc5 dxc4 {Kasparov muss diese Variante gut bekannt gewesen sein, denn er hatte sie ein Jahr zuvor selbst mit den weißen Steinen gegen Jan Timman zum Sieg geführt:} (9... Qa5 10. cxd5 exd5 11. O-O-O Be6 12. Nxd5 Rc8 13. Kb1 $1 Bxd5 14. Rxd5 Nc6 15. Bc4 Nb4 16. Qd2 Rxc5 17. Rxc5 Qxc5 18. Rc1 Qb6 19. Qd7 Rf8 20. Qb5 Qd6 21. e4 Nc6 22. Bd5 a6 23. Qxb7 Ne5 24. Rc8 Rxc8 25. Qxc8+ Kh7 26. Qc2 Kg8 27. Nd2 g5 28. a3 Kg7 29. Nf1 Qb6 30. Ng3 Kg6 31. Ka2 h5 32. Qc8 h4 33. Qg8+ Bg7 34. Nh5 {und 1:0 G.Kasparov,G-J.Timman (London 1984)}) 10. Bxc4 Qa5 11. O-O Bxc3 (11... Qxc5 12. Ne4 Qe7 13. Nxf6+ Qxf6 14. Rfd1 {mit spürbarem Druck für Weiß (Karpov)}) 12. Qxc3 Qxc3 13. bxc3 Nd7 14. c6 {Natürlich muss Weiß seinen Mehrbauern derart zurückgeben, dass auch die schwarze Bauernstellung verschlechtert wird.} bxc6 15. Rab1 Nb6 16. Be2 c5 {Kann Weiß in dieser nahezu symmetrischen Stellung überhaupt auf Vorteil offen ? Das theoretische Urteil lautet heute "Nein", aber dies am Brett gegen Karpov zu zeigen, ist keine einfache Sache, selbst für Kasparov nicht!} ({RR} 16... Rd8 17. Nd4 Bd7 18. Rfc1 c5 19. Nb3 Rac8 20. Ba6 Rc7 21. Na5 Ba4 22. Rb2 Rcd7 23. f3 Rd1+ 24. Rxd1 Rxd1+ 25. Kf2 Rc1 26. c4 Kf8 27. Bb5 Bxb5 28. Rxb5 Rc2+ 29. Kg3 Rxa2 30. Rxc5 Ke7 31. Rc7+ {Nepomniachtchi,I (2771)-Carlsen,M (2839) chess.com INT 2023 ½-½ (52)}) 17. Rfc1 $1 {Die Bedeutung dieses Zuges unterstreicht Karpov deutlich in seinem Kommentar: "Die Bewegung des Turmes nach c1 ist der erste in einer Reihe präziser Züge von Weiß. 17.fd1 drängt sich auf, aber langfristig kann dies nur zu Abtäuschen entlang der d-Linie führen. Auf c1 erfüllt der Turm eine prophylaktische Aufgabe (die Verteidigung des c-Bauern) und nimmt dem Läufer nicht das Feld d1 weg. Die Situation wird erst in sechs Zügen vollständig klar werden und ich muss zugeben, dass ich die richtige Aufstellung meiner Figuren mehr fühlte als sie richtig zu sehen."} Bb7 $6 {Dieser Zug erfasst den Geist der Stellung nicht richtig. Auf der Diagonalen a8-h1 kann der Läufer keinen Blumentopf gewinnen, wichtiger ist dagegen die Kontrolle über das Feld b5.} (17... Bd7 {ist der richtige Zug. Wie etliche Partien kurz nach dieser Begegnung zeigen, hat Schwarz dann keine Probleme mehr. Es ist daher kein Wunder, dass 8.c2 in der modernen Turnierpraxis keine Rolle mehr spielt. Einige Beispiele:} 18. Ba6 (18. Ne5 Ba4 19. Nd3 Rfc8 20. c4 Rc7 21. Rc3 Rd8 22. Rbc1 Kf8 23. Ra3 Ke7 24. f3 f6 25. Kf2 e5 26. Rcc3 Rd6 $11 {in S.Agdestein-K.Spraggett (Interzonenturnier Taxco 1985)}) 18... Rfd8 19. Kf1 Bc6 20. Ke2 Bxf3+ 21. gxf3 Rd6 22. Rc2 Rad8 23. f4 g6 24. Bb5 Kg7 25. Rb3 Rd1 26. Ra3 Rb1 27. c4 Nc8 28. Ba6 Nd6 29. Bb5 Nc8 30. Ba6 Nd6 31. Bb5 {mit Remisschluss in I.Novikov-T.Giorgadze (Tashkent 1984)}) 18. Kf1 Bd5 $146 ({RR} 18... Rfc8 19. c4 Bc6 20. Nd2 Rab8 21. Bf3 Bxf3 22. gxf3 Nd7 23. Ke2 Rxb1 24. Rxb1 Rb8 25. Rb5 a6 26. Rxb8+ Nxb8 27. Kd3 Nd7 28. Kc3 f5 29. Kb3 Nb6 30. f4 Kf7 31. Nf3 Ke7 32. Ne5 Kd6 33. Nf7+ {Gatineau,Y (2362)-Macon,A (2328) L'Alpe d'Huez FRA 2023 ½-½ (36)}) ({RR} 18... Rfd8 19. Rb5 Rdc8 20. c4 Rc7 21. Ne1 Kf8 22. f3 Ke7 23. Ra5 Nd7 24. Nd3 e5 25. Nf2 Rc6 26. Bd3 Ra6 27. Rb5 Bc6 28. Be4 Rc8 29. Rb2 Ke6 30. Bxc6 Rcxc6 31. Ne4 Ra4 32. g4 g6 33. g5 {Naumkin,I (2456)-Schaefer,M (2190) Cesenatico 2017 ½-½ (34)}) 19. Rb5 $14 {"Der weiße Turm strebt nach einer idealen Position - dem Feld a5. Der a2 kann nicht genommen werden wegen 20.c4, und der Läufer ist gefangen - der c1 beeinflußt bereits den Lauf der Dinge."(Karpov)} Nd7 $2 {Verliert letztlich einen Bauern.} (19... Rac8 20. Ra5 Rc7 21. c4 Ba8 $14 {ist zäher (Karpov).}) 20. Ra5 Rfb8 21. c4 Bc6 22. Ne1 $1 $16 {"Paradoxerweise ziehen die weißen Figuren zunächst zurück, bevor sie zum Angriff übergehen.", so Karpov. Der schwarze c-Bauer wird eingekreist.} Rb4 23. Bd1 $1 {"Wenn 23.Sd3 sofort geschieht, dann folgt 23...Ta4, und der Bauer ist gerettet. Nun jedoch kann der Marsch e1-d3xc5 nicht verhindert werden. Das volle Mass der weißen Möglichkeiten wird nun deutlich und die versteckte Stärke des stillen Zuges 17.fc1 wird offenbar." (Karpov)} Rb7 24. f3 Rd8 25. Nd3 g5 26. Bb3 $1 {Ein letzter Vorbereitungszug, bevor Weiß endlich den Bauern nimmt.} (26. Nxc5 $2 Nxc5 27. Rxc5 Rb2 28. Rxc6 Rdd2 {(Karpov) würde Schwarz um die Früchte seiner Arbeit bringen.}) 26... Kf8 27. Nxc5 Nxc5 28. Rxc5 {Der Bauer ist erobert. Es bedarf jedoch noch enormer technischer Anstrengungen, um diesen in einen Punkt umzusetzen.} Rd6 29. Ke2 Ke7 30. Rd1 Rxd1 31. Kxd1 Kd6 32. Ra5 f5 33. Ke2 h5 {Schwarz will am Königsflügel Gegenspiel erlangen, schwächt jedoch die 5.Reihe. Karpov nutzt dies sofort aus.} 34. e4 $5 fxe4 35. fxe4 Bxe4 36. Rxg5 Bf5 37. Ke3 $6 {Wie Karpov schreibt, hätte Weiß den h5 festlegen sollen, da dieser Bauer im weiteren Verlauf Weiß noch Ärger bereitet.} (37. h4 $1 Rf7 38. Ke3 Bg4 39. c5+ Kc6 40. Ba4+ Kc7 41. Be8 Rh7 42. Bg6 Rh6 43. Be4 $18 {(Karpov)}) 37... h4 38. Kd4 e5+ 39. Kc3 Bb1 40. a3 Re7 41. Rg4 {"Der letzte Zug von Weiß war der Abgabezug. Im Verlauf der Hausanalyse wurde es deutlich, dass die Hängestellung außergewöhnlich scharf ist und Schwarz Gegenspiel bekommen könnte. Um einen klaren Weg zum Vorteil zu finden, musste ich unmittelbar mehrere Probleme lösen. Es ist kein Zufall, dass dieses Endspiel bereits in Endspielmonographien eingegangen ist."(Karpov)} h3 $1 {Aktives Spiel ist im Endspiel immer notwendig !} (41... e4 42. Bd1 Rf7 43. Kd4 Rf2 44. c5+ Ke7 45. Bb3 Rd2+ 46. Kc3 Rd3+ 47. Kb2 e3 48. Ba4 $18 {(Karpov) oder}) (41... Rh7 42. h3 $18 {(Karpov) sind viel zu passiv für Schwarz.}) 42. g3 (42. gxh3 Rh7 {gibt Schwarz Gegenspiel (Karpov).}) 42... Re8 {Schwarz will den Turm über die f-Line auf die zweite Reihe bringen.} (42... Rf7 $2 43. c5+) 43. Rg7 Rf8 44. Rxa7 Rf2 45. Kb4 Rxh2 $2 {Weiß hat immer noch einen Mehrbauern, aber es sind fünf Freibauern auf dem Brett. Das Spiel ist nun sehr scharf, aber Karpov findet den Weg zum Sieg.} (45... Rb2 $145 $1 46. c5+ Kc6 47. Kc4 Ba2 $1 48. Bxa2 Rxa2 49. Ra6+ Kc7 50. Rh6 Rxh2 51. Kd5 Rh1 52. Rh7+ Kb8 {Schwarz hat gute Remischancen.}) 46. c5+ Kc6 47. Ba4+ Kd5 48. Rd7+ Ke4 (48... Ke6 49. c6 Rb2+ 50. Bb3+ Rxb3+ 51. Kxb3 Be4 52. Rd8 Bxc6 53. Rh8 Bg2 54. a4 Kf5 55. Rh4 {kann Schwarz auch nicht retten (Karpov).}) 49. c6 Rb2+ 50. Ka5 $1 (50. Kc5 $2 {ist schwächer, da dann der weiße König im Weg steht:} h2 51. c7 Ke3 $1 52. Rd1 (52. Bc6 $2 Rc2+ {verliert gar für Weiß.}) (52. c8=Q h1=Q {ist völlig unklar.}) 52... Bf5 {mit einer verworrenen Stellung.}) 50... Rb8 (50... h2 51. c7 h1=Q 52. Bc6+ {(Karpov)}) 51. c7 Rc8 52. Kb6 Ke3 53. Bc6 h2 54. g4 $1 {Ein weiterer feiner Zug, der die Partie endgültig entscheidet. Dem schwarzen Läufer wird das Feld f5 genommen.} Rh8 55. Rd1 Ba2 56. Re1+ Kf4 57. Re4+ Kg3 58. Rxe5 Kxg4 59. Re2 1-0

[Event "World-ch30-KK1 Karpov-Kasparov +5-3=40"]
[Site "Moscow"]
[Date "1984.10.29"]
[Round "19"]
[White "Karpov, Anatoly"]
[Black "Kasparov, Garry"]
[Result "1/2-1/2"]
[WhiteElo "2700"]
[BlackElo "2710"]
[PlyCount "88"]
[EventDate "1984.09.10"]
[EventType "match"]
[EventRounds "48"]
[EventCountry "URS"]
[SourceTitle "MainBase"]
[Source "ChessBase"]
[SourceDate "1999.07.01"]
[SourceVersion "2"]
[SourceVersionDate "1999.07.01"]
[SourceQuality "1"]

1. Nf3 {Alterman,Boris Chekhov,Valery A} d5 2. d4 Nf6 3. c4 e6 4. Nc3 Be7 5. Bg5 h6 6. Bxf6 Bxf6 7. Qd2 Nc6 8. e3 O-O 9. Rc1 ({RR} 9. O-O-O dxc4 10. Bxc4 e5 11. d5 Ne7 12. h4 Bg4 13. Rdg1 c6 14. Nh2 cxd5 15. Nxg4 dxc4 16. Nxf6+ gxf6 17. Qe2) ({RR} 9. Rd1 dxc4 10. Bxc4 e5 11. d5 Ne7 12. Ne4 Nf5 13. Qe2 Nd6 14. Nfd2 Be7) 9... a6 10. Be2 ({RR} 10. h3 dxc4 11. Bxc4 e5 12. d5 Na7 13. O-O Nb5 14. Nxb5 axb5 15. Bb3 e4 16. Nd4 Be5 17. Qc2 Qe8 18. f4 Bd6 19. Qe2) 10... dxc4 11. Bxc4 e5 12. d5 Na7 ({RR} 12... Ne7 13. Ne4 Ng6 14. d6 cxd6 15. Qxd6 Qxd6 16. Nxd6 e4 17. Nd4 Bxd4 18. exd4 Nf4 19. g3 Ne6 20. d5 Nd4 21. Kd2 Nf5 22. Nxe4) 13. Qc2 Nb5 ({RR} 13... Bd7 14. O-O ({RR} 14. Ne4) 14... Nb5 15. Ne4 Nd6 16. Bd3 Bb5 ({RR} 16... Rc8 17. Rfd1 ({RR} 17. Nfd2 Be7 18. Qb3) 17... Bg4) 17. Rfd1 Bxd3 18. Qxd3 Nxe4 19. Qxe4 Qe7 20. Nd2 Rfd8 21. Qc4 c6 ({RR} 21... Rd7 22. Ne4) 22. dxc6 Rac8 23. Qe2 Rxc6 24. Rxc6 bxc6 25. Rc1 ({RR} 25. Nc4 Rxd1+ ({RR} 25... Rd5 26. e4 Rd4 27. Rxd4 exd4 28. f4) 26. Qxd1 Qb4 27. b3) 25... Qb4 26. Nc4 a5 27. Qe1 Ra8 ({RR} 27... Qxe1+ 28. Rxe1 e4 29. Rc1 ({RR} 29. b3 a4 30. bxa4 Ra8 31. a5 Bc3 32. Rb1 Bxa5) ({RR} 29. Nxa5 Rd2 30. b4 Rxa2 31. Nxc6 Rb2) 29... a4 ({RR} 29... Rb8) 30. Kf1 Rb8 ({RR} 30... Rd5 31. Ke2 Rc5) 31. Rc2 g6 32. Ke2 Kg7 33. Kd1 Rb5) 28. b3 {Gabriel,C (2565)-Boensch,U (2525) Bad Homburg 1996 CBM 055 [Alterman,Boris] ½-½ (59)} {RR} Qxe1+ 29. Rxe1 a4 30. Nb6 ({RR} 30. b4 Rd8 31. Kf1 Rd3 32. Rc1 e4 33. Ke2 Be7) 30... Rd8 31. bxa4 ({RR} 31. Nxa4 Rd2 32. Nc3 Rc2) 31... Rd2 32. a3 Ra2) 14. Nxb5 ({RR} 14. Bxb5 axb5 15. a3 c6 16. dxc6 bxc6 17. O-O Be6 18. Rfd1 Qe7 19. Ne4) 14... axb5 15. Bb3 e4 ({RR} 15... Bg4 16. Nd2 Rc8 ({RR} 16... c5 17. Qe4 Qc8 18. d6 Ra6) 17. Qd3 c6 18. d6 Re8 19. O-O e4 20. Nxe4 Bf5 ({RR} 20... Bxb2 21. Rc2 Bf5 22. Bxf7+ Kxf7 23. d7 Bxe4 24. dxe8=Q+ Qxe8 25. Qb3+ Bd5 26. Qxb2 Qe4 27. f3 Qxe3+ 28. Kh1 Re8) 21. d7 Bxe4 ({RR} 21... Qxd7 22. Qxd7 Bxd7 23. Nd6) ({RR} 21... Bxd7 22. Nxf6+ gxf6 23. Qg6+) 22. dxe8=Q+ Qxe8 23. Qe2 Qe5 24. Rcd1 Rc7 ({RR} 24... Qxb2 25. Qxb2 Bxb2 26. Rd7 c5 27. Bxf7+ Kh8 28. Bd5 Bxd5 29. Rxd5 c4 30. Rxb5 c3 31. g3 Ba3 32. Rb3 c2 33. Rxa3 c1=Q 34. Rxc1 Rxc1+ 35. Kg2) 25. Rd2 Qg5 26. f3 Bg6 27. Qf2 Re7 ({RR} 27... c5 28. Rd5) 28. Re1 b4 29. Kh1 Qa5 30. e4) ({RR} 15... c6 16. dxc6 bxc6 17. O-O Bd7 18. Rfd1 Qe7 19. Nd2 Rfd8 20. Ne4 Be8 21. Qc3 Rxd1+ 22. Rxd1 Rd8 23. Nxf6+ gxf6 24. Rxd8 Qxd8 25. Qb4 Bd7 26. Qd6 Kg7 27. h3 Qe8 28. a4 bxa4 29. Bxa4 Qa8 30. Bd1 {Baumegger,S (2360)-Klovans,J (2465) Graz 1998 1-0 (48)}) 16. Nd4 $146 ({RR} 16. Qxe4 Bxb2 17. Rc2 Ba3 ({RR} 17... Qf6 18. Nd4 Bxd4 19. Qxd4) 18. O-O Bd6 ({RR} 18... Re8 19. Qd3 c5 20. Qxb5 Ra5 21. Qe2 b5) 19. Nd4 Bd7 20. Qd3 Qe8 21. Nf5 ({RR} 21. Rfc1) 21... Bxf5 22. Qxf5 Qe7 23. g3 Rae8 ({RR} 23... Rfe8) 24. Re1 b4 ({RR} 24... Qg5 25. Qd3 b4) 25. Rce2 Be5 26. e4 Qc5 27. Rd1 g6 28. Qf3 Kg7 29. Kg2 Qd6 30. h4 Bc3 {Chernin,A (2495)-Petrosian,A (2510) Riga 1985 URS-ch [Chekhov,Valery A] 1-0 (42)} ({RR} 30... h5)) 16... Bxd4 17. exd4 c6 18. dxc6 Qxd4 19. O-O bxc6 20. Qxc6 Bd7 21. Qd5 Qxd5 22. Bxd5 Ra6 23. Rfd1 Be6 24. a3 Bxd5 25. Rxd5 Rb8 26. Rd4 Ra4 27. Rcd1 Rc8 28. Kf1 Rc2 29. R4d2 Rxd2 30. Rxd2 Rc4 31. Ke2 b4 32. Kd1 bxa3 33. bxa3 Ra4 34. Ra2 f5 35. Kc2 f4 36. Kb3 Rd4 37. Ra1 Kf7 38. a4 e3 39. Kc3 Rd8 40. fxe3 fxe3 41. Re1 Ra8 42. Kb3 Rb8+ 43. Kc2 Ra8 44. Rf1+ Ke6 1/2-1/2

[Event "Hoogovens"]
[Site "Wijk aan Zee"]
[Date "1998.01.25"]
[Round "8"]
[White "Karpov, Anatoly"]
[Black "Anand, Viswanathan"]
[Result "1/2-1/2"]
[WhiteElo "2735"]
[BlackElo "2770"]
[Annotator "Anand,Viswanathan"]
[PlyCount "120"]
[EventDate "1998.01.16"]
[EventType "tourn"]
[EventRounds "13"]
[EventCountry "NED"]
[EventCategory "17"]
[SourceTitle "CBM 063"]
[Source "ChessBase"]
[SourceDate "1998.03.26"]
[SourceVersion "1"]
[SourceVersionDate "1998.03.26"]
[SourceQuality "1"]

{After our match in Lausanne, one might assume there was a lot at stake in this game. However, I think neither player wanted to think about this aspect. I treated this game as any either. In the tournament itself, I was 2 points ahead of Karpov (I had +3 and he was on -1) at this moment and the game had no significance for the tournament either.  Still the game itself, despite lots of errors was quite interesting.} 1. d4 {Khalifman} d5 2. c4 c6 3. Nc3 Nf6 4. Nf3 {Since he normally plays e3, I guessed that a Moscow variation was on the cards.} e6 5. Bg5 {Khalifman: Das würde Karpov zum Beispiel gegen Kramnik nicht wagen, denn der geht mit 5...dxc4 nun in das Botwinniksystem über während bei Anand nur mit dem Moskauer System (9...h6) zu rechnen ist.} h6 6. Bxf6 {I don't think Anatoly even considered 6.h4} Qxf6 7. e3 Nd7 8. Rc1 {A move that was played by the great Capa (Capablanca-Levenfish Moscow 1936) !} (8. Bd3 {Khalifman} Qd8 (8... Bd6) 9. O-O Be7 10. a3 O-O 11. Rc1 a6 12. e4 dxc4 13. Bxc4 b5 14. Ba2 c5 15. d5 $14 {Kramnik,V-Illescas Cordoba,M/Alcobendas m 1993/CBM 39/[Kortschnoj]/1-0 (48)}) 8... Qd8 9. Bd3 Be7 10. O-O O-O 11. Qe2 ({RR} 11. c5 b6 12. b4 Bb7 13. a4 a5 14. b5 bxc5 15. dxc5 Nxc5 16. Bb1 Rc8 17. Nd4 cxb5 18. Ncxb5 Ba6 19. Re1 Qd7 20. Kh1 Rfd8 21. f4 Bf6 22. Qf3 Nxa4 23. e4 Bxb5 24. e5 Be7 25. f5 Rxc1 {Neagu,R (2278)-Castillo Pena,P (1783) chess.com INT 2023 1-0 (41)}) 11... a6 ({RR} 11... dxc4 12. Bxc4 b5 13. Bd3 Bb7 14. Bb1 Qa5 15. Qc2 g6 16. Ne2 b4 17. Nf4 Qf5 18. Qb3 Qf6 19. Be4 Rfc8 20. Nd3 Rab8 21. Nde5 Nxe5 22. Nxe5 c5 23. Nd7 Qg5 24. f4 Qh5 25. Nxb8 Bxe4 26. Nd7 {Greenfeld,A (2585)-Zubov,A (2611) Tel Aviv 2011 ½-½}) 12. Bb1 (12. a3 f5 13. b4 Bd6 14. Nd2 Nf6 15. f4 Bd7 16. c5 Bc7 17. Nf3 (17. Qd1 Be8 18. Be2 {Would be similar to what Karpov tried to get in the game.}) 17... Be8 18. Qb2 Bh5 $11 {Spraggett,K-Illescas Cordoba,M EUCup Barcelona 1993.} (18... Bh5 {Khalifman} 19. Ne5 Ne4 20. a4 g5 {½-½ Spraggett,K-Illescas Cordoba,M/EUCup Gr7 1993/CBM 38 (43)})) 12... f5 (12... b5 13. cxd5 cxd5 14. e4 $1 Bb7 15. exd5 exd5 16. Qd3 g6 17. Ne5 $14 {Vakhidov,T-Paranjan,A UZB-ch 1993.}) 13. Ne1 $146 {Karpov goes in for Spragett's plan, but he has lost time due to 12.b1. Perhaps it would have been better just to play 13.fd1} ({RR} 13. a3 Bd6 14. Bd3 Qe7 15. Kh1 Kh8 16. Nd2 Nf6 17. f4 Bd7 18. Nf3 Ne4 19. Ne5 Bxe5 20. fxe5 Nxc3 21. Rxc3 Rac8 22. c5 Qg5 23. Rf4 Be8 24. Rc1 Bh5 25. Qd2 Rf7 26. Rcf1 Qe7 27. b4 Rcf8 {Epishin,V (2350)-Kuporosov,V (2445) Tallinn 1986 1-0 (59)}) 13... Bd6 14. c5 {Khalifman: Das weiße Spiel gefällt mir nicht: Erst Tc1, nun c5. Auch 15. f4 ist merkwürdig. Karpov unternimmt im Folgenden überhaupt nichts, sondern wartet ab, was passiert.} Bc7 15. f4 Nf6 16. Bd3 (16. b4 $5 {Khalifman jetzt oder später wäre etwas Aktivität.}) 16... Bd7 17. Qd1 $6 {Trying to stop d7-e8-h5, but White should have played f3-e5 as soon as possible to get equality. Now he stands worse.} g5 $1 {It is important to omit e8 - Black wants to swing the second rook over to the kingside and the bishop would get in the way. Black can always play e8 later.} 18. g3 Rf7 19. Rc2 Rg7 20. Rg2 Qe7 21. Be2 Kh8 22. Qb3 Rb8 23. Nd3 Be8 24. Qd1 $6 {White should have waited on b3 longer hindering bg8 - h5 is not such a big threat.} Bf7 25. Ne5 Rbg8 26. Bf3 Be8 $1 {Now everything is perfect for a kingside advance. It is amazing how quickly White gets into trouble.} 27. b4 h5 $15 28. Re1 h4 29. Kf2 {An amazing move, but White's position already calls for desperate measures.} gxf4 30. exf4 $8 (30. gxf4 Rxg2+ 31. Bxg2 Bxe5 32. dxe5 Ng4+ $17) 30... Ne4+ 31. Bxe4 fxe4 32. Ke3 {White only needs one more move (eg1) to consolidate. I felt that hxg3 would be premature because of the opening if the h-file that it entails. Therefore Black must open up a second front.} (32. Reg1 $4 h3 $19) 32... a5 $1 33. a3 axb4 34. axb4 b6 $1 {Since White can't meet xe5 with fxe5 due to g5+, Black must soften up the c5 square.} 35. Na4 (35. cxb6 $2 Bxe5 $1 36. dxe5 Qxb4 37. Qd4 Qe7 $1 { c5} 38. Na4 Qa3+ $1) 35... b5 $1 {Why has Black changed his mind? Actually, White has managed to defend the c5 square, so Black must change tack. This move takes away the c4 square from White's king.} 36. Nc3 hxg3 {After opening lines on the queenside, Black returns to the kingside.} 37. Rh1 Qh4 {Khalifman: Schwarz muß hier auf Gewinn stehen. Der weiße König steht sehr gefährdet.} 38. Ne2 $8 (38. hxg3 Rxg3+ 39. Rxg3 Rxg3+ 40. Kd2 Rh3 $17) (38. Qe1 Bxe5 39. dxe5 (39. fxe5 Qh6+ 40. Ke2 Bh5+ $19) 39... d4+ $1 40. Kxd4 Qd8+ $1 $19 {The reason b6-b5 was necessary - White can't play c4}) 38... Rh7 39. Qg1 (39. Qe1 Bxe5 (39... Qh6) 40. dxe5 d4+ 41. Kxd4 (41. Nxd4 Qh3 $1 $19) 41... Bh5 $1 (41... Qd8+ 42. Kc3 Qd3+ 43. Kb2) 42. hxg3 Qg4 {is similar to the game.}) 39... Rf8 $1 (39... Bxe5 {Khalifman} 40. dxe5 d4+) 40. Qe1 {Karpov defends extremely well - White must keep hxg3 as a defence against h5} (40. Rxg3 Bxe5 41. dxe5 Bh5 $17) 40... Bxe5 $1 {There is nothing to be gained by waiting longer.} 41. dxe5 d4+ $1 42. Kxd4 Bh5 $1 43. hxg3 Qg4 44. Rf2 (44. Ng1 Ra8 $1 (44... Rxf4 45. Rh4 e3+ 46. gxf4 Qxg2 47. Kxe3) 45. Rh4 Qg6 46. Kc3 Ra3+ 47. Kb2 Rha7 $40) 44... Ra8 $1 45. Rh4 Qg6 46. Kc3 Ra2 $4 {I now missed two clear wins.} (46... e3 $1 {The first one. Khalifman: gewinnt forciert. Es droht Matt eingeleitet mit 47...a3.} 47. Rfh2 Ra3+ 48. Kb2 Ra2+ $1 $19 49. Kc3 (49. Kxa2 Qc2+ 50. Ka3 Ra7#) 49... Qc2+ 50. Kd4 Ra3) 47. Rfh2 Rxe2 {Still, this leads to a won ending, so no harm has been done yet.} 48. Rxe2 Bxe2 49. Rxh7+ Kxh7 50. Qxe2 Qxg3+ 51. Kd4 Qxf4 52. Qh5+ (52. Qxe4+ Qxe4+ 53. Kxe4 Kg6 {The pawn ending is completely lost.}) 52... Kg7 53. Qe8 e3+ $4 {Now when I should not have played e3, I do it!!} (53... Qd2+ 54. Kxe4 Qxb4+ 55. Kf3 {I stopped here, but it only takes a second to see that Black can force White into giving up one more pawn.} (55. Kd3 Qb3+ 56. Kd2 Qd5+ $19) 55... Qc3+ $1 56. Kg4 Qd4+ 57. Kf3 Qd3+ 58. Kf2 Qf5+ $19 {White can't go to the g-file, so it is over.}) 54. Kd3 Qf5+ 55. Kxe3 Qxe5+ 56. Kd3 Qd5+ 57. Ke3 Kf6 58. Qf8+ {It's perpetual check.} Kg5 59. Qg7+ Kh5 60. Qf7+ Kg5 1/2-1/2